Baseband receiver design for wireless MIMO-OFDM communications (Record no. 84764)
[ view plain ]
| 000 -LEADER | |
|---|---|
| fixed length control field | 01813nam a2200409 a 4500 |
| 082 04 - DEWEY DECIMAL CLASSIFICATION NUMBER | |
| Classification number | 621.384/18 |
| 100 1# - MAIN ENTRY--AUTHOR NAME | |
| Personal name | Chiueh, Tzi-Dar, |
| 245 10 - TITLE STATEMENT | |
| Title | Baseband receiver design for wireless MIMO-OFDM communications |
| 250 ## - EDITION STATEMENT | |
| Edition statement | 2nd ed. |
| 260 ## - PUBLICATION, DISTRIBUTION, ETC. (IMPRINT) | |
| Place of publication | Singapore : |
| Name of publisher | Wiley, |
| Year of publication | 2012. |
| 300 ## - PHYSICAL DESCRIPTION | |
| Number of Pages | xxv, 346 p. : |
| Other physical details | ill. |
| 500 ## - GENERAL NOTE | |
| General note | Rev. ed. of: OFDM baseband receiver design for wireless communications / Tzi-Dar Chiueh, Pei-Yun Tsai. c2007. |
| 505 0# - FORMATTED CONTENTS NOTE | |
| Formatted contents note | pt. 1. Fundamentals of wireless communication -- pt. 2. MIMO-OFDM receiver processing -- pt. 3. Hardware design for MIMO-OFDM receivers. |
| 650 #0 - SUBJECT ADDED ENTRY--TOPICAL TERM | |
| Topical Term | Radio |
| Topical Term | Wireless communication systems |
| Topical Term | Orthogonal frequency division multiplexing. |
| Topical Term | MIMO systems. |
| 700 1# - ADDED ENTRY--PERSONAL NAME | |
| Personal name | Tsai, Pei-Yun. |
| Personal name | Lai. I-Wei. |
| Personal name | Chiueh, Tzi-Dar, |
| 856 40 - ELECTRONIC LOCATION AND ACCESS | |
| Uniform Resource Identifier | http://site.ebrary.com/lib/rucke/Doc?id=10580284 |
No items available.
